[Event "LiSB-ch B"]
[Site "Sittard"]
[Date "2003.12.06"]
[Round "6"]
[White "Nelissen, Andy"]
[Black "Van Mulekom, Hans"]
[Result "0-1"]
[WhiteElo "1869"]
[BlackElo "1779"]
[PlyCount "54"]
[EventDate "2003.11.29"]
[EventType "swiss"]
[EventRounds "7"]
[EventCountry "NED"]
[SourceTitle "EXT 2009"]
[Source "ChessBase"]
[SourceDate "2008.11.26"]
[SourceVersion "1"]
[SourceVersionDate "2008.11.26"]
[SourceQuality "1"]

1. a3 e5 2. e4 Nf6 3. Nc3 d5 4. exd5 Nxd5 5. Qh5 Nc6 6. Bb5 Qd6 7. Nf3 Nxc3 8. dxc3 e4 9. Bg5 exf3 10. 0-0 Qg6 11. Rfe1+ Be6 12. Qxf3 Kd7 13. Rad1+ Bd6 14. h4 Qf5 15. Qe2 h6 16. Be3 Rhe8 17. c4 Ke7 18. c5 Bf4 19. Bxc6 bxc6 20. Bd4 Kf8 21. g3 Bd5 22. Qf1 Bf3 23. Rb1 Bd2 24. Rxe8+ Rxe8 25. Kh2 Re4 26. Be3 Bxe3 27. fxe3 Rxe3 0-1

[Event "LiSB-ch"]
[Site "Stein"]
[Date "2002.12.07"]
[Round "5"]
[White "Van Mulekom, Hans"]
[Black "Leentjens, Gilbert"]
[Result "1-0"]
[WhiteElo "1853"]
[BlackElo "1781"]
[PlyCount "45"]
[EventDate "2002.11.30"]
[EventType "swiss"]
[EventRounds "7"]
[EventCountry "NED"]
[SourceTitle "EXT 2013"]
[Source "ChessBase"]
[SourceDate "2012.11.22"]
[SourceVersion "1"]
[SourceVersionDate "2012.11.22"]
[SourceQuality "1"]

1. e4 e5 2. Nc3 Nc6 3. Bc4 Nf6 4. d3 Bc5 5. Nge2 d6 6. 0-0 Bg4 7. Bb5 a6 8. Bxc6+ bxc6 9. Be3 Bb6 10. Qd2 0-0 11. Ng3 Nh5 12. Nce2 Nxg3 13. Nxg3 f5 14. exf5 Qd7 15. Bxb6 cxb6 16. Qb4 Bxf5 17. Nxf5 Qxf5 18. Qxd6 Rf6 19. Qc7 Rg6 20. f3 e4 21. fxe4 Qc5+ 22. Kh1 Qxc2 23. Qf7+ 1-0

[Event "LiSB-ch"]
[Site "Stein"]
[Date "2002.11.30"]
[Round "1"]
[White "Van Mulekom, Hans"]
[Black "Driessens, Patrick"]
[Result "0-1"]
[WhiteElo "1853"]
[BlackElo "2229"]
[PlyCount "70"]
[EventDate "2002.11.30"]
[EventType "swiss"]
[EventRounds "7"]
[EventCountry "NED"]
[SourceTitle "EXT 2013"]
[Source "ChessBase"]
[SourceDate "2012.11.22"]
[SourceVersion "1"]
[SourceVersionDate "2012.11.22"]
[SourceQuality "1"]

1. e4 d6 2. d4 Nf6 3. Nc3 c6 4. f3 Nbd7 5. Be3 e5 6. Bc4 b5 7. Bb3 Bb7 8. d5 Nb6 9. dxc6 Bxc6 10. Qd3 b4 11. Nd5 Nbxd5 12. Bxd5 Nxd5 13. exd5 Bd7 14. Ne2 Be7 15. 0-0 f5 16. c4 bxc3 17. Nxc3 0-0 18. f4 e4 19. Qd2 Qc7 20. Rac1 Qb7 21. Rc2 Rfc8 22. Rfc1 a6 23. a3 Bf6 24. Bd4 Bxd4+ 25. Qxd4 Rc5 26. Rd1 Rac8 27. Rcd2 Qc7 28. Rc2 Rc4 29. Qe3 Ba4 30. Rcd2 Bxd1 31. Rxd1 Rb8 32. Qd2 Qb6+ 33. Kh1 Qxb2 34. Qe3 Rxc3 35. Qa7 Qb7 0-1

[Event "Goch op 12th"]
[Site "Goch"]
[Date "2001.10.20"]
[Round "4"]
[White "Van Mulekom, Hans"]
[Black "Welz, Peter"]
[Result "0-1"]
[WhiteElo "1874"]
[BlackElo "2219"]
[PlyCount "54"]
[EventDate "2001.10.18"]
[EventType "swiss"]
[EventRounds "7"]
[EventCountry "GER"]
[SourceTitle "EXT 2004"]
[Source "ChessBase"]
[SourceDate "2003.11.25"]
[SourceVersion "1"]
[SourceVersionDate "2003.11.25"]
[SourceQuality "1"]

1. e4 e6 2. d4 d5 3. exd5 exd5 4. Bd3 Nc6 5. c3 Bd6 6. Nf3 Bg4 7. 0-0 Nge7 8. Bg5 Qd7 9. Bh4 0-0-0 10. Bg3 f6 11. Bxd6 Qxd6 12. Nbd2 g5 13. b4 Ng6 14. Qc2 Nce7 15. Qa4 Nf4 16. Bc2 Kb8 17. Rfe1 h5 18. Qb5 b6 19. a4 h4 20. a5 Bd7 21. Qa6 Bc8 22. Qb5 a6 23. Qf1 g4 24. axb6 gxf3 25. Rxa6 Ne2+ 26. Rxe2 Bxa6 27. Qa1 fxe2 0-1

[Event "Goch op 03rd"]
[Site "Goch"]
[Date "1992.??.??"]
[Round "2"]
[White "Van Mulekom, Hans"]
[Black "Mueller, M."]
[Result "0-1"]
[WhiteElo "1850"]
[BlackElo "2180"]
[PlyCount "58"]
[EventDate "1992.10.??"]
[EventType "swiss"]
[EventRounds "7"]
[EventCountry "GER"]
[SourceTitle "EXT 1998"]
[Source "ChessBase"]
[SourceDate "1997.11.17"]
[SourceVersion "1"]
[SourceVersionDate "1997.11.17"]
[SourceQuality "1"]

1. e4 c5 2. Nc3 Nc6 3. g3 g6 4. Bg2 Bg7 5. d3 Nf6 6. f4 d6 7. Nf3 0-0 8. 0-0 a6 9. h3 h5 10. Be3 Rb8 11. Rb1 Bd7 12. Kh2 b5 13. Ne2 Qc7 14. c3 c4 15. Nfd4 e5 16. Nxc6 Bxc6 17. Qc2 cxd3 18. Qxd3 Qb7 19. Qxd6 Rbd8 20. Qb4 Nxe4 21. Rbd1 Nxg3 22. Nxg3 Bxg2 23. Rg1 Bf3 24. Rd6 a5 25. Qc5 Rc8 26. Qa3 exf4 27. Bxf4 Rc4 28. Bg5 h4 29. Nf5 Be5+ 0-1